El desempeño pedagógico de docentes en Nuevo León : hallazgos de un estudio basado en videos de lecciones de matemáticas y ciencias.

Gespeichert in:
Bibliographische Detailangaben
1. Verfasser: Loera Varela, Armando (autor)
Weitere Verfasser: Näslund-Hadley, Emma, coaut (autor) coaut, (autor), Alonzo, Haydee, coaut (autor) coaut, (autor)
Format: Unbekannt
Sprache:Spanisch
Schlagworte:
Online-Zugang:Ver documento en línea
Tags: Tag hinzufügen
Keine Tags, Fügen Sie das erste Tag hinzu!

MARC

LEADER 00000c**#a2200000ua#4500
001 000527253
003 DLC
005 20260414000000.0
008 070831c^^^^9999^^^^r1^^^^^^^^0^^^^0spa^d
009 20260414194723.226
022 |a 01851284 
035 |a FCE 000071499 
037 |a Acervo ITESO - Biblioteca 
041 |a spa 
095 |a RLEE  |b 13-2-11 
100 |a Loera Varela, Armando  |e (autor) 
245 1 3 |a El desempeño pedagógico de docentes en Nuevo León :  |b hallazgos de un estudio basado en videos de lecciones de matemáticas y ciencias. 
264 |a México :  |b Centro de Estudios Educativos,  |c 2013. 
336 |a texto  |b txt  |2 rdacontenido 
337 |a sin mediación  |b n  |2 rdamedio 
338 |a volumen  |b nc  |2 rdasoporte 
649 |a XX 
650 |a Enseñanza de las matemáticas 
650 |a Enseñanza de la ciencia 
650 |a Rendimiento académico 
650 |a Desempeño docente 
650 |a Registro de clase 
650 |a Nuevo León, México 
740 |g vol. 43, no. 2, 2013, pp. 11-41  |t Revista Latinoamericana de Estudios Educativos. Para la Agenda Educativa, 
700 |a Näslund-Hadley, Emma,  |e coaut  |e (autor) 
700 |a Alonzo, Haydee,  |e coaut  |e (autor) 
856 4 0 |u https://www.cee.edu.mx/rlee/revista/r2011_2020/r_texto/t_2013_2_02.pdf  |y Ver documento en línea 
910 |a Fondo Centro de Estudios Educativos 
920 |a Impresos - Libros 
930 |a Fondos Especiales 
905 |a 133 
902 |a https://opac.biblio.iteso.mx/vufind/Record/000527253